000 01663cam a2200133 4500500
005 20251214003239.0
041 _afre
042 _adc
100 1 0 _aWaysfeld, Bernard
_eauthor
245 0 0 _aLa peur de grossir : Psychonutrition des troubles alimentaires
260 _bArmand Colin,
_c2013.
520 _aNotre société a peur de vieillir et de mourir. Elle a aussi terriblement peur de grossir. Confrontées à une situation de disponibilité et de pléthore jamais connue, de nombreuses jeunes femmes se soumettent à une alimentation contrôlée et restreinte. Ce comportement conduit à des troubles alimentaires, anorexies et boulimies notamment, avec leur cortège de désordres physiques et mentaux sévères. Primitive ou secondaire, la peur de grossir se trouve au cœur de la plupart des troubles alimentaires. Cette peur entretient et aggrave ces troubles. Il faut donc intervenir pour rompre le cercle vicieux : restriction-anorexie-boulimie, désordres psychologiques. Liés à des causes multiples, ces troubles alimentaires ne peuvent être abordés sous un seul angle. Seule une approche multidisciplinaire permet de pacifier la relation à l’aliment et au corps. À travers l’analyse minutieuse de tous les facteurs en cause, Bernard Waysfeld envisage les différentes prises en charge et privilégie l’approche de la personne dans sa singularité. Car réduire le trouble alimentaire à un simple trouble des conduites ou pire à un trouble nutritionnel constitue une démarche contre-productive vouée à l’échec.
856 4 1 _uhttps://shs.cairn.info/la-peur-de-grossir--9782200288631?lang=fr&redirect-ssocas=7080
999 _c1567650
_d1567650